Trabajo formal en Colombia : (Registro nro. 31142)

Detalles MARC
000 -LEADER
fixed length control field 00876nam a22002417a 4500
003 - CONTROL NUMBER IDENTIFIER
control field OSt
005 - DATE AND TIME OF LATEST TRANSACTION
control field 20260130152243.0
008 - FIXED-LENGTH DATA ELEMENTS--GENERAL INFORMATION
fixed length control field 260130b |||||||| |||| 00| 0 eng d
020 ## - INTERNATIONAL STANDARD BOOK NUMBER
International Standard Book Number 9789585872127
037 ## - SOURCE OF ACQUISITION
Stock number Donación
040 ## - CATALOGING SOURCE
Original cataloging agency CO-JMCR
Language of cataloging spa
Transcribing agency CO-JMCR
Description conventions rda
Modifying agency CO-JMCR
041 0# - LANGUAGE CODE
Language code of text/sound track or separate title spa
082 04 - DEWEY DECIMAL CLASSIFICATION NUMBER
Classification number 331.12
Item number T71a
245 00 - TITLE STATEMENT
Title Trabajo formal en Colombia :
Remainder of title realidad y retos /
Statement of responsibility, etc. editor Hernán Avendaño Cruz.
264 #4 - PRODUCTION, PUBLICATION, DISTRIBUTION, MANUFACTURE, AND COPYRIGHT NOTICE
Place of production, publication, distribution, manufacture Bogotá :
Name of producer, publisher, distributor, manufacturer FASECOLDA, Federación de Aseguradores Colombianos,
Date of production, publication, distribution, manufacture, or copyright notice 2018.
300 ## - PHYSICAL DESCRIPTION
Extent 291 páginas :
Other physical details Ilustraciones, gráficas ;
Dimensions 24 cm.
504 ## - BIBLIOGRAPHY, ETC. NOTE
Bibliography, etc. note Incluye bibliografía.
650 #7 - SUBJECT ADDED ENTRY--TOPICAL TERM
Topical term or geographic name entry element Mercado laboral colombiano.
Source of heading or term BLAAUTO
9 (RLIN) 44511
650 #7 - SUBJECT ADDED ENTRY--TOPICAL TERM
Topical term or geographic name entry element Trabajo calificado
Geographic subdivision Colombia.
Source of heading or term JMCR
9 (RLIN) 44512
650 #7 - SUBJECT ADDED ENTRY--TOPICAL TERM
Topical term or geographic name entry element Empleo
General subdivision Aspectos sociales
Geographic subdivision Colombia.
Source of heading or term JMCR
9 (RLIN) 44513
700 1# - ADDED ENTRY--PERSONAL NAME
Personal name Avendaño Cruz, Hernán,
Relator term edición.
9 (RLIN) 44514
942 ## - ADDED ENTRY ELEMENTS (KOHA)
Koha item type Books
Source of classification or shelving scheme Dewey Decimal Classification
Existencias
Withdrawn status Lost status Source of classification or shelving scheme Damaged status Not for loan Collection code Home library Current library Shelving location Date acquired Total Checkouts Full call number Barcode Date last seen Copy number Price effective from Koha item type
    Dewey Decimal Classification     Non-fiction Biblioteca Pública José María del Castillo y Rada Biblioteca Pública José María del Castillo y Rada Book Cart 07/25/2024   331.12 T71a 201812568 01/30/2026 Ej.1 01/30/2026 Books